[Event "Moravia-Silesia Region-chT 2223"]
[Site "Czech Republic"]
[Date "2023.02.26"]
[Round "9"]
[White "Cizek, Petr"]
[Black "Kudla, Martin"]
[Result "1-0"]
[WhiteElo "1844"]
[BlackElo "1564"]
[PlyCount "111"]
[EventDate "2022.10.09"]
[EventType "team-tourn"]
[EventRounds "11"]
[EventCountry "CZE"]
[SourceTitle "EXT 2024"]
[Source "ChessBase"]
[SourceDate "2023.10.10"]
[SourceVersion "1"]
[SourceVersionDate "2023.10.10"]
[SourceQuality "1"]
[WhiteTeam "Senov"]
[BlackTeam "Poruba Slavoj IV"]
[WhiteTeamCountry "CZE"]
[BlackTeamCountry "CZE"]

1. e4 e6 2. d4 d5 3. Nc3 dxe4 4. Nxe4 Nf6 5. Nxf6+ Qxf6 6. Nf3 h6 7. Bd3 Bd6 8. 0-0 0-0 9. Qe2 Nc6 10. Qe4 Qf5 11. Qh4 Be7 12. Bxf5 Bxh4 13. Be4 Bf6 14. c3 Bd7 15. Bf4 Rac8 16. Rfe1 g5 17. Bg3 Be7 18. d5 exd5 19. Bxd5 Bd6 20. Bxd6 cxd6 21. Rad1 Rfe8 22. Rxe8+ Rxe8 23. Kf1 Rd8 24. Nd2 Kf8 25. Ne4 Ke7 26. b3 Be6 27. Ng3 Rd7 28. c4 Nb4 29. Re1 Kf6 30. Ne4+ Kg6 31. Bxe6 fxe6 32. Rd1 d5 33. Nc5 Re7 34. a3 Nc2 35. cxd5 exd5 36. g3 b6 37. Na6 Rf7 38. Ke2 Re7+ 39. Kf1 Rf7 40. Rd2 Nxa3 41. Rxd5 Nc2 42. Rd6+ Rf6 43. Rd8 Ne3+ 44. Kg1 Ng4 45. Rd2 Ne5 46. Kg2 g4 47. b4 Nf3 48. Rd1 Ng5 49. Rd4 h5 50. b5 Rf5 51. Nc7 Rc5 52. Rd7 Nh3 53. f4 Rc2+ 54. Kf1 Rxh2 55. Nd5 Rg2 56. Kxg2 1-0

[Event "Moravia-Silesia Region-chT 2223"]
[Site "Czech Republic"]
[Date "2022.11.27"]
[Round "4"]
[White "Cizek, Petr"]
[Black "Zidek, Daniel"]
[Result "1-0"]
[WhiteElo "1844"]
[BlackElo "1786"]
[PlyCount "89"]
[EventDate "2022.10.09"]
[EventType "team-tourn"]
[EventRounds "11"]
[EventCountry "CZE"]
[SourceTitle "EXT 2024"]
[Source "ChessBase"]
[SourceDate "2023.10.10"]
[SourceVersion "1"]
[SourceVersionDate "2023.10.10"]
[SourceQuality "1"]
[WhiteTeam "Senov"]
[BlackTeam "Frydek Mistek IV"]
[WhiteTeamCountry "CZE"]
[BlackTeamCountry "CZE"]

1. e4 d6 2. d4 g6 3. c4 Bg7 4. Nc3 Nf6 5. f3 0-0 6. Be3 c5 7. d5 a6 8. Qd2 Bd7 9. Bd3 b5 10. Bh6 Qb6 11. Bxg7 Kxg7 12. Nge2 b4 13. Nd1 e5 14. 0-0 Nh5 15. f4 Bg4 16. f5 f6 17. Ne3 Bxe2 18. Bxe2 Nf4 19. h4 Nxe2+ 20. Qxe2 Ra7 21. Qg4 Qd8 22. Rf3 g5 23. hxg5 fxg5 24. f6+ Kh8 25. Qxg5 Raf7 26. Raf1 Nd7 27. Ng4 a5 28. b3 Nb6 29. Rh3 Nd7 30. Rhf3 Nb6 31. Nh6 Ra7 32. Rf5 Nc8 33. f7 Qxg5 34. Rxg5 Ne7 35. Rf6 Rd7 36. Re6 Ng6 37. g3 Kg7 38. Rh5 Ne7 39. Rg5+ Ng6 40. Rh5 Ne7 41. Kg2 Kh8 42. Kh3 Kg7 43. Kh4 Kh8 44. Kg5 Kg7 45. Rxe7 1-0

[Event "CZE-chT2F 1920"]
[Site "Czech Republic"]
[Date "2019.11.17"]
[Round "3.7"]
[White "Cizek, Petr"]
[Black "Schoupal, Patrik"]
[Result "1-0"]
[WhiteElo "1833"]
[BlackElo "1986"]
[PlyCount "67"]
[EventDate "2019.10.13"]
[EventType "team-tourn"]
[EventRounds "11"]
[EventCountry "CZE"]
[SourceTitle "EXT 2024"]
[Source "ChessBase"]
[SourceDate "2023.10.10"]
[SourceVersion "1"]
[SourceVersionDate "2023.10.10"]
[SourceQuality "1"]
[WhiteTeam "Ostrava Labortech II"]
[BlackTeam "Trinec II"]
[WhiteTeamCountry "CZE"]
[BlackTeamCountry "CZE"]

1. e4 e5 2. Nf3 Nc6 3. Bc4 Nf6 4. d4 exd4 5. 0-0 Bc5 6. e5 d5 7. exf6 dxc4 8. Re1+ Be6 9. fxg7 Rg8 10. Bg5 Be7 11. Bxe7 Qxe7 12. Nxd4 0-0-0 13. Nxc6 bxc6 14. Qf3 Rxg7 15. Nc3 Qc5 16. Ne4 Qf5 17. Qa3 Qb5 18. Qxa7 Rdg8 19. g3 Rg6 20. Nc5 Bd5 21. Re7 Qb6 22. Qa8+ Qb8 23. Qa6+ Kd8 24. Rae1 Be6 25. Nxe6+ Kxe7 26. Nf4+ Kf8 27. Nxg6+ Rxg6 28. Qxc4 Qxb2 29. Qc5+ Rd6 30. a4 Qb6 31. Qf5 Rd2 32. Qf6 Qd4 33. Qh6+ Kg8 34. Re8# 1-0

[Event "Orlova op-A 12th"]
[Site "Orlova"]
[Date "2015.05.31"]
[Round "9"]
[White "Demko, Robert"]
[Black "Cizek, Petr"]
[Result "0-1"]
[WhiteElo "1604"]
[BlackElo "1953"]
[PlyCount "88"]
[EventDate "2015.05.24"]
[EventType "swiss"]
[EventRounds "9"]
[EventCountry "CZE"]
[SourceTitle "CBM 166 Extra"]
[Source "ChessBase"]
[SourceDate "2015.06.18"]
[SourceVersion "1"]
[SourceVersionDate "2015.06.18"]
[SourceQuality "1"]

1. d4 Nf6 2. c4 e5 3. dxe5 Ng4 4. Nf3 Nc6 5. Bf4 Bb4+ 6. Nbd2 Qe7 7. e3 Ngxe5 8. Nxe5 Nxe5 9. Be2 0-0 10. 0-0 Ng6 11. Bg3 Bd6 12. Bxd6 Qxd6 13. Qc2 Qe7 14. Bd3 d6 15. Rae1 f5 16. Nf3 Ne5 17. Nd4 g6 18. f4 Nxd3 19. Qxd3 Re8 20. Re2 Qe4 21. Qxe4 Rxe4 22. Rfe1 Bd7 23. b3 Rae8 24. Nf3 a6 25. Nd2 R4e7 26. e4 Bc6 27. e5 dxe5 28. Rxe5 Rxe5 29. fxe5 Rd8 30. Re2 Kf7 31. Kf2 Ke6 32. Nf3 h6 33. Nd2 Rd4 34. g3 b5 35. h3 bxc4 36. Nxc4 Bb5 37. Rd2 Rxd2+ 38. Nxd2 Kxe5 39. Ke3 g5 40. Nf3+ Kd5 41. Nd2 Bd7 42. Kd3 f4 43. g4 Bb5+ 44. Kc3 Be2 0-1

[Event "CZE-chT2E 1112"]
[Site "Czech Republic"]
[Date "2012.04.22"]
[Round "11.8"]
[White "Koci, Karel"]
[Black "Cizek, Petr"]
[Result "0-1"]
[WhiteElo "1742"]
[BlackElo "1856"]
[PlyCount "100"]
[EventDate "2011.10.09"]
[EventType "team-tourn"]
[EventRounds "11"]
[EventCountry "CZE"]
[SourceTitle "EXT 2013"]
[Source "ChessBase"]
[SourceDate "2012.11.22"]
[SourceVersion "1"]
[SourceVersionDate "2012.11.22"]
[SourceQuality "1"]
[WhiteTeam "Hustopece"]
[BlackTeam "Sumperk"]
[WhiteTeamCountry "CZE"]
[BlackTeamCountry "CZE"]

1. e4 d5 2. exd5 Nf6 3. c4 c6 4. Nc3 cxd5 5. Qb3 d4 6. Nd5 e6 7. Nf4 Bd6 8. d3 Nc6 9. Be2 Qc7 10. Ngh3 e5 11. Nh5 Nxh5 12. Bxh5 Bb4+ 13. Kf1 h6 14. Bf3 Bd6 15. Ng1 0-0 16. g4 Be6 17. g5 hxg5 18. Bxg5 Qd7 19. h4 f6 20. Bd2 Kf7 21. a3 Rab8 22. Qa4 Bf5 23. Qc2 Rh8 24. b4 Ne7 25. Rc1 Qe8 26. Qb3 Bc7 27. Ne2 Bd7 28. Ng3 Nf5 29. Bd5+ Ke7 30. b5 Nxh4 31. a4 Nf5 32. Bb4+ Kd8 33. Rg1 Nxg3+ 34. Rxg3 e4 35. Rg1 Bh3+ 36. Ke2 exd3+ 37. Kxd3 Bf5+ 38. Kd2 Bf4+ 39. Kd1 Bxc1 40. Kxc1 Qd7 41. c5 Re8 42. Rd1 d3 43. c6 bxc6 44. Ba5+ Ke7 45. Qa3+ Qd6 46. Bb4 c5 47. Bxc5 Rec8 48. Bc6 Rxc6 49. bxc6 d2+ 50. Rxd2 Rb1# 0-1

[Event "CZE-chT2E 1112"]
[Site "Czech Republic"]
[Date "2011.10.09"]
[Round "1.8"]
[White "Kocian, Miroslav"]
[Black "Cizek, Petr"]
[Result "1/2-1/2"]
[WhiteElo "2002"]
[BlackElo "1856"]
[PlyCount "65"]
[EventDate "2011.10.09"]
[EventType "team-tourn"]
[EventRounds "11"]
[EventCountry "CZE"]
[SourceTitle "EXT 2013"]
[Source "ChessBase"]
[SourceDate "2012.11.22"]
[SourceVersion "1"]
[SourceVersionDate "2012.11.22"]
[SourceQuality "1"]
[WhiteTeam "Zlin III"]
[BlackTeam "Sumperk"]
[WhiteTeamCountry "CZE"]
[BlackTeamCountry "CZE"]

1. e4 e6 2. d4 d5 3. Nd2 Nf6 4. e5 Nfd7 5. f4 c5 6. c3 b6 7. Ndf3 Ba6 8. Ne2 Be7 9. Be3 g6 10. h3 Nc6 11. Qa4 Qc8 12. Rc1 Bd3 13. g4 Be4 14. Bg2 Na5 15. dxc5 Nc4 16. c6 Nxe3 17. cxd7+ Qxd7 18. Qxd7+ Kxd7 19. Kf2 Nxg2 20. Kxg2 Bc5 21. Ned4 Bxd4 22. cxd4 Rac8 23. Kf2 Bxf3 24. Kxf3 h6 25. Ke3 h5 26. Rxc8 Kxc8 27. Rc1+ Kd7 28. g5 Rb8 29. b4 a6 30. Kd3 Rc8 31. Rxc8 Kxc8 32. b5 a5 33. Kc3 1/2-1/2

[Event "Ostrava op"]
[Site "Ostrava"]
[Date "2010.05.07"]
[Round "7"]
[White "Cervenka, Roman"]
[Black "Cizek, Petr"]
[Result "1-0"]
[WhiteElo "1870"]
[BlackElo "1805"]
[PlyCount "97"]
[EventDate "2010.05.01"]
[EventType "swiss"]
[EventRounds "9"]
[EventCountry "CZE"]
[SourceTitle "EXT 2011"]
[Source "ChessBase"]
[SourceDate "2010.11.26"]
[SourceVersion "1"]
[SourceVersionDate "2010.11.26"]
[SourceQuality "1"]

1. e4 d5 2. exd5 Nf6 3. d4 Nxd5 4. Nf3 g6 5. Be2 Bg7 6. 0-0 0-0 7. Bd2 c5 8. c4 Nb6 9. Bc3 cxd4 10. Bxd4 Nc6 11. Bxg7 Kxg7 12. Qc2 Bf5 13. Qc3+ Kg8 14. b3 Qc7 15. Na3 a6 16. Rad1 Rad8 17. Nc2 Bxc2 18. Qxc2 e5 19. Qc3 Rfe8 20. Rxd8 Rxd8 21. Rd1 Rxd1+ 22. Bxd1 Qd6 23. Be2 Nc8 24. g3 N8e7 25. c5 Qc7 26. Ng5 h6 27. Ne4 Nf5 28. Bg4 Ncd4 29. Qc4 Qc6 30. Qd3 Ne7 31. Bd1 Kg7 32. b4 Qd5 33. Nc3 Qe6 34. Qe4 Nec6 35. a3 Qc4 36. Qe3 Nf5 37. Qd2 Nfd4 38. Ne4 Qd5 39. Qd3 f5 40. Nd6 Ne7 41. Qc4 Qxc4 42. Nxc4 Kf6 43. Nd6 Nec6 44. Nxb7 Ke6 45. Kf1 Kd5 46. Be2 Nxe2 47. Kxe2 Kc4 48. Kd2 Kb3 49. Na5+ 1-0

[Event "Ostrava op"]
[Site "Ostrava"]
[Date "2010.05.06"]
[Round "6"]
[White "Cizek, Petr"]
[Black "Macek, Kamil"]
[Result "0-1"]
[WhiteElo "1805"]
[BlackElo "1950"]
[PlyCount "86"]
[EventDate "2010.05.01"]
[EventType "swiss"]
[EventRounds "9"]
[EventCountry "CZE"]
[SourceTitle "EXT 2011"]
[Source "ChessBase"]
[SourceDate "2010.11.26"]
[SourceVersion "1"]
[SourceVersionDate "2010.11.26"]
[SourceQuality "1"]

1. e4 c6 2. d4 d5 3. e5 Bf5 4. Nc3 e6 5. g4 Bg6 6. h4 h5 7. g5 Ne7 8. Bd3 Qb6 9. Bxg6 Nxg6 10. Nce2 c5 11. c3 Nc6 12. Nf3 Rc8 13. 0-0 Nge7 14. Nf4 cxd4 15. cxd4 g6 16. a3 Nf5 17. Ne2 Na5 18. Qa4+ Rc6 19. b4 Nc4 20. Rd1 Be7 21. Ng3 Nxg3 22. fxg3 Kd7 23. Ra2 Rhc8 24. Bd2 Kd8 25. b5 Nxd2 26. bxc6 Nxf3+ 27. Kg2 Rxc6 28. Rf1 Nxd4 29. Rxf7 Qb1 30. Raf2 Qe4+ 31. Kh3 Rc1 32. Rf8+ Kc7 33. Rf1 Rxf1 34. Qa5+ Kd7 35. Qa4+ Nc6 36. Qxe4 dxe4 37. Rxf1 e3 38. Re1 Bc5 39. g4 hxg4+ 40. Kxg4 Nxe5+ 41. Kg3 Nd3 42. Re2 e5 43. Kf3 Nf4 0-1

[Event "Ostrava op"]
[Site "Ostrava"]
[Date "2009.05.03"]
[Round "2"]
[White "Samu, Pavel"]
[Black "Cizek, Petr"]
[Result "1-0"]
[WhiteElo "1995"]
[BlackElo "1700"]
[PlyCount "47"]
[EventDate "2009.05.02"]
[EventType "swiss"]
[EventRounds "9"]
[EventCountry "CZE"]
[SourceTitle "EXT 2011"]
[Source "ChessBase"]
[SourceDate "2010.11.26"]
[SourceVersion "1"]
[SourceVersionDate "2010.11.26"]
[SourceQuality "1"]

1. e4 e6 2. d4 d5 3. Be3 Nf6 4. e5 Nfd7 5. c3 b6 6. Bd3 Ba6 7. Bc2 c5 8. Ne2 Be7 9. 0-0 0-0 10. Nd2 Qc7 11. f4 f5 12. Rc1 Nc6 13. Kh1 Rab8 14. g4 Bd8 15. Rg1 Bxe2 16. Qxe2 Ne7 17. Nf3 Ng6 18. Ng5 Bxg5 19. gxf5 Nxf4 20. Qg4 Nxe5 21. dxe5 Qxe5 22. Rce1 Qc7 23. Qxg5 Nh3 24. Qg3 1-0